000 02093nam0a2200397 4500
001 RU\NLR\BIBL_A\022777375
005 20260628201212.0
010 _a978-5-93061-247-9
_91000
021 _aRU
_bКН-П-26-010086
_9КН-П-26-0966
035 _a(NLR Aleph) 022777375
090 _a13742260
_c13742260
100 _a20260407d2024 u y0rusy50 ca
101 0 _arus
102 _aRU
105 _aac||g|||001yy
181 0 _ai2
_baxxe
181 0 _ab2
_bxb2e
182 0 _an
200 1 _aЭтнографическая энциклопедия Поважья: предметный мир
_eиллюстрированный справочник
_fМинистерство культуры Архангельской области, Вельский краеведческий музей имени В. Ф. Кулакова
_gсоставитель: Г. А. Веревкина
_gредакционная коллегия: ... Г. А. Веревкина (ответственный редактор) [и др.]
203 _aТекст
_aИзображение
_bвизуальные
_cнепосредственные
210 _aВологда
_cДревности Севера
_d2024
215 _a431 с.
_cцв. ил., портр.
_d30
320 _aБиблиогр.: с. 424-428 и в подстроч. примеч.
320 _aПредм. указ.: с. 407-410
320 _aИмен. указ.: с. 411-417
320 _aГеогр. указ.: с. 418-423
607 _aАрхангельская область
_jЭнциклопедии
_xЭтнографические исследования
_92387973
_3RU\NLR\AUTH\661424292
686 1 _aТ52(2Р31-4Арх)я20
702 1 _aВеревкина
_bГ. А.
_gГалина Александровна
_4220
712 0 2 _4475
_aВельский краеведческий музей им. В. Ф. Кулакова
_9690447
_3RU\NLR\AUTH\880514901
942 _cBOOK
980 _aNB